00990nam a2200313 a 4500003001000000005001700010007000300027008004100030020001500071040003500086041000800121043000700129084001200136100003300148245008200181250001200263264003900275300002600314336002700340337003300367338002800400490002200428490003700450650004000487650004300527650003400570650002800604700004400632CO-BoRNBP20230519130346.0ta040929s2006 ck gr 0001fdspa d a9588293014 aCO-BoRNBPbspaerdacCO-BoRNBP0 aspa ack aC CHAF110aCharry, Luis Fernandod1976-13aLa furia de los elementos cLuis Fernando Charry ; editor Benjamín Villegas a1a. ed.3 aBogotá bVillegas Editoresc2006 a93 páginas c21 cm. atextobtxt2rdacontent asin mediaciónbn2rdamedia avolumenbnc2rdacarrier aVillegas. Cuento  aColección turquesa. Narrativa 14aCuentos colombianos2LEMBySiglo XX14aLiteratura colombiana 2LEMBySiglo XX14aMiedo en la literatura 2LEMB14aCuentos de terror2LEMB10aVillegas Jiménez, Benjamíneeditor